| 000 | 00435nam a2200157Ia 4500 | ||
|---|---|---|---|
| 005 | 20250729165539.0 | ||
| 008 | 250729s1996 xx 000 0 und d | ||
| 041 | _akan | ||
| 082 | _a894.5 HAND | ||
| 100 |
_aಹನುಮಂತಯ್ಯ ಎಲ್ _9226634 |
||
| 245 | _aದಲಿತ ಕಥೆಗಳು | ||
| 260 |
_aಬೆಂಗಳೂರು _c1996 |
||
| 300 | _a270p | ||
| 650 |
_aKannada _9226635 |
||
| 700 |
_aRao Digumurthi _9226636 |
||
| 999 |
_c237368 _d237368 |
||